Quantitative zoology / (Record no. 129197)

MARC details
000 -LEADER
fixed length control field 00786cam a22002654a 4500
008 - FIXED-LENGTH DATA ELEMENTS--GENERAL INFORMATION
fixed length control field
049 ## - LOCAL HOLDINGS (OCLC)
Holding library MAIN
090 ## - LOCALLY ASSIGNED LC-TYPE CALL NUMBER (OCLC); LOCAL CALL NUMBER (RLIN)
Classification number (OCLC) (R) ; Classification number, CALL (RLIN) (NR) QL58
Local cutter number (OCLC) ; Book number/undivided call number, CALL (RLIN) SIM
003 - CONTROL NUMBER IDENTIFIER
control field
005 - DATE AND TIME OF LATEST TRANSACTION
control field 20230123122159.0
040 ## - CATALOGING SOURCE
Transcribing agency NUST
100 ## - MAIN ENTRY--PERSONAL NAME
Personal name Simpson, George Gaylord.
245 #0 - TITLE STATEMENT
Title Quantitative zoology /
Statement of responsibility, etc. George Gaylord Simpson ; Anne Roe and Richard C. Lewontin.
250 ## - EDITION STATEMENT
Edition statement Rev. ed.
260 ## - PUBLICATION, DISTRIBUTION, ETC.
Place of publication, distribution, etc. Mineola, N.Y. :
Name of publisher, distributor, etc. Harcourt, Brace & World ;
Date of publication, distribution, etc. 1960.
300 ## - PHYSICAL DESCRIPTION
Extent vii, 440 p. :
Other physical details ill. ;
Dimensions 22 cm.
500 ## - GENERAL NOTE
General note Includes index.
504 ## - BIBLIOGRAPHY, ETC. NOTE
Bibliography, etc. note Includes bibliographical references.
650 #0 - SUBJECT ADDED ENTRY--TOPICAL TERM
Topical term or geographic name entry element Zoology.
650 #0 - SUBJECT ADDED ENTRY--TOPICAL TERM
Topical term or geographic name entry element Biomathematics.
700 ## - ADDED ENTRY--PERSONAL NAME
Personal name Roe, Anne.
700 ## - ADDED ENTRY--PERSONAL NAME
Personal name Lewontin, Richard C.
907 ## - LOCAL DATA ELEMENT G, LDG (RLIN)
a .b10366477
b 23-11-15
c 19-11-15
942 ## - ADDED ENTRY ELEMENTS (KOHA)
Koha item type Ordinary Loan Books
Call number prefix QL58
Call number suffix SIM
Holdings
Date last seen Total Checkouts Full call number Barcode Cost, replacement price Price effective from Koha item type Lost status Source of classification or shelving scheme Damaged status Not for loan Collection Withdrawn status Home library Current library Shelving location Date acquired Cost, normal purchase price
01/23/2023   QL58 SIM 92004037609 80.00 01/23/2023 BOOKS   LCC     NFIC   MAIN MAIN GEN 01/23/2023 80.00